000 00740nam a22002417a 4500
005 20260502151237.0
020 _a9788126550807
041 _aENG
082 _a658.404
_bMAN
100 _aMantel, Samuel J.
245 _aProject management :
_bcore textbook /
_cSamuel J. Mantel Jr., Jack R. Meredith, Scott M. Shafer, and Margaret M. Sutton with M. R. Gopalan
250 _a2nd edition.
260 _aNew Delhi :
_bWiley ,
_c2014 .
300 _axii, 346 pages :
_bIllustrations;
_c24 cm.
504 _aInclude index.
650 _aRisk management
650 _aProject management
700 _aMeredith, Jack R.
700 _aShafer, Scott M.
700 _aSutton, Margaret M.
700 _aGopalan M. R.
942 _2ddc
_cBK
999 _c24329
_d24329